01309naa#a2200205#i#4500001001600000005001700016011001400033100004100047102000700088200032900095210021400424215001100638608004500649675017000694700005200864700005800916700005200974700006001026856001701086RU\\bibl\12643720260629225523.1##a2223-9987##a20260629b2026####ek#y0rusy0150####ca##aRU1#aПостроение оптимальной модели движения высокоскоростного электропоезда на основе предварительно рассчитанных переходов и динамического программированияeЖурнальная статья1#aСанкт-ПетербургcФГБОУ ВО "Петербургский государственный университет путей сообщения Императора Александра I"d2026##a14 с.##aЖурнальная статья2local##aСпециальные системы управления и контроля для железнодорожного подвижного состава. 629.4.053#1aВалинскийgОлег Сергеевич#1aЕвстафьевgАндрей Михайлович#1aСычуговgАнтон Николаевич#1aСухановgЕвгений Владимирович4#aatjournal.ru